Photo collective

Saved in:
Bibliographic Details
Other Authors: Ραγουζαρίδης, Βασίλης (Photographer)
Format: Book
Language:Greek
Published: [Χ.τ.] : [χ.ό.], c2011.
Subjects:
Tags: Add Tag
No Tags, Be the first to tag this record!

MARC

LEADER 00000nam a2200000 a 4500
001 1/126392
008 230331s2011####gr | ||| |||| ||gre||
040 |a GR-MyUa  |b gre  |c GR-MyUa  |e AACR2 
041 0 |a gre 
082 7 |a 779.092   |2 (23) 
100 1 |a Ραγουζαρίδης, Βασίλης,  |e pht 
245 1 0 |a Photo collective /   |c Βασίλης Ραγουζαρίδης. 
260 |a [Χ.τ.] :   |b [χ.ό.],   |c c2011. 
300 |a [56] φύλλα :   |b εικ. ;   |c 26 εκ. 
650 0 |a Photography, Artistic. 
970 |a Κοντού  |b Παρασκευή  |z 31/03/2023